Die alte bürgerliche Baukunst in Rostock (Titelsatznr. 80212)
[ MARC ]
| 000 -Satzkennung | |
|---|---|
| Kontrollfeld mit fester Länge | 00836cam a22002772 4500 |
| 001 - Kontrollnummer | |
| Kontrollfeld | 419928766 |
| 003 - Kontrollnummer Identifier | |
| Kontrollfeld | DE-627 |
| 005 - Datum und Zeit der letzten Transaktion | |
| Kontrollfeld | 20201130134439.0 |
| 007 - Feld mit fester Länge zur physischen Beschreibung - Allgemeine Information | |
| Kontrollfeld mit fester Länge | tu |
| 008 - Feld mit fester Länge zur physischen Beschreibung - Allgemeine Angaben | |
| Kontrollfeld mit fester Länge | 990101s1914 xx ||||| 00| ||und c |
| 035 ## - Systemkontrollnummer | |
| System-Kontrollnummer | (DE-627)419928766 |
| 035 ## - Systemkontrollnummer | |
| System-Kontrollnummer | (DE-599)GBV419928766 |
| 035 ## - Systemkontrollnummer | |
| System-Kontrollnummer | (OCoLC)251320302 |
| 040 ## - Katalogisierungsquelle | |
| Original-Katalogisierungsstelle | DE-627 |
| Katalogisierungssprache | ger |
| Übertragungsstelle | DE-627 |
| Beschreibungsfestlegungen | rakwb |
| Bearbeitungsstelle | STAFF |
| 084 ## - Andere Notation | |
| Notation | 21.60 |
| Quelle der Nummer | bkl |
| 100 1# - Haupteintragung - Personenname | |
| Personenname | Lorenz, Adolf Friedrich |
| Code für Beziehungskennzeichnung | aut |
| 245 14 - Titel | |
| Titel | Die alte bürgerliche Baukunst in Rostock |
| Zusatz zum Titel | Von Adolf Friedrich Lorenz, Reg. Baumeister. Mit 181 Abb., 7 Textabb., 1 Stadtpl. u. 10 Kunstbeil. |
| 264 #1 - Produktion, Veröffentlichung, Distribution, Herstellung und Urheberrechtsvermerk | |
| Herstellungs-, Veröffentlichungs- Vertriebs-, Erzeugungsort | Rostock |
| Produzent, Herausgeber, Distributor, Hersteller | Leopold |
| Datum der Herstellung, der Veröffentlichung, des Vertriebs oder des Urheberschutzvermerks | 1914 |
| 300 ## - Physische Beschreibung | |
| Umfang | 32 S. 4" |
| 336 ## - Inhaltstyp | |
| Inhaltstypterm | Text |
| Inhaltstypcode | txt |
| Quelle | rdacontent |
| 337 ## - Medientyp | |
| Bezeichnung des Medientyps | ohne Hilfsmittel zu benutzen |
| Medientypcode | n |
| Quelle | rdamedia |
| 338 ## - Datenträgertyp | |
| Datenträgertypbezeichnung | Band |
| Datenträgertypcode | nc |
| Quelle | rdacarrier |
| 951 ## - EQUIVALENCE OR CROSS-REFERENCE--GEOGRAPHIC NAME/AREA NAME [OBSOLETE] [CAN/MARC only] | |
| Geografischer Name | BO |
| 936 bk - OCLC/CONSER MISCELLANEOUS DATA (OCLC); PIECE USED FOR CATALOGING (pre-AACR2) (RLIN) | |
| OCLC control number(s) of parallel record(s) (OCLC); Piece used for cataloging, PUC (RLIN) | 21.60 |
| 942 ## - Zusätzliche Felder (Koha) | |
| Klassifikation oder Aufstellungssystematik | Andere/Generische Klassifikation |
| Koha-Medientyp | Bücher |
| Ausgeschieden | Verloren | Klassifikation oder Aufstellungssystematik | Beschädigt | Nicht entleihbar | Heimatbibliothek | Aufenthaltsbibliothek | Aufstellungsort | Erwerbungsdatum | Kodierter Standort-Qualifier | Anzahl Ausleihen | Signatur | Letzte Aktivität | Exemplarnummer | Preis gültig von | Koha-Medientyp | OPAC-Notiz |
|---|---|---|---|---|---|---|---|---|---|---|---|---|---|---|---|---|
| Andere/Generische Klassifikation | Stadtarchiv Frankfurt (Oder) | Archivbibliothek | Stadtarchiv Frankfurt (Oder) | Archivbibliothek | Magazin | 30/11/2020 | M | IV: 1519 | 30/11/2020 | 80/2020 | 30/11/2020 | Bücher | Nachlass Kießling |